000 01752cam a22004214a 4500
001 11935299
003 OSt
005 20251203123948.0
008 000308s2000 miu b 001 0 eng
010 _a 00029000
020 _a0310494206
_qalk. paper
020 _z9780310520702 (eBook)
020 _a9780310494201
_q(alk. paper)
035 _a11935299
040 _aDLC
_cDLC
_dDLC
042 _apcc
050 0 0 _aBS2675.3
_b.H24 2000
082 0 0 _a227/.3077
_221
100 1 _aHafemann, Scott J.
245 1 0 _a2 Corinthians :
_bthe NIV application commentary from biblical text -- to contemporary life /
_cScott J. Hafemann.
246 3 _aSecond Corinthians
260 _aGrand Rapids, Mich. :
_bZondervan Pub. House,
_cc2000.
300 _a536 p. ;
_c24 cm.
336 _atext
_btxt
_2rdacontent
337 _aunmediated
_bn
_2rdamedia
338 _avolume
_bnc
_2rdacarrier
490 1 _aThe NIV application commentary series
504 _aIncludes bibliographical references and indexes.
630 0 0 _aBible.
_pCorinthians, 2nd
_vCommentaries.
655 7 _aCommentaries.
_2lcgft
_0https://id.loc.gov/authorities/genreForms/gf2025026014
830 0 _aNIV application commentary.
856 4 2 _3Publisher description
_uhttp://www.loc.gov/catdir/enhancements/fy0633/00029000-d.html
856 4 1 _3Table of contents only
_uhttp://www.loc.gov/catdir/enhancements/fy0633/00029000-t.html
906 _a7
_bcbc
_corignew
_d1
_eocip
_f20
_gy-gencatlg
942 _2lcc
_cBK
999 _c20883
_d20882